00388nam a2200145Ia 4500003000400000005001700004008004100021020001500062040000900077082001700086100001600103245007000119260004300189300001000232OSt20200619141423.0190216s9999||||xx |||||||||||||| ||und|| a8185395683 coclc a954.4bTOD/A a Tod, James 0aAnnals And Antiquities Of Rajasthan /cJames Tod ; William Crooke bLow Price Publications,c1990.aDelhi: a1862p